LEADER 01448nam2-2200421---450 001 990005647350203316 005 20210825091238.0 035 $a000564735 035 $aUSA01000564735 035 $a(ALEPH)000564735USA01 035 $a000564735 100 $a20040604d1973----|||y0itaa50------ba 101 $aita 102 $ait 105 $a0 00||| 200 1 $a<<3.: >> Psicofisiologia del comportamento$fdi Jacques Paillard, Vincent Bloch e Henri Piéron$g[trad. di Liliana Zonta] 210 $aTorino$cEinaudi$dcopyr. 1973 215 $aXII, 259 p.$d22 cm 300 $aTrad. di: Psychophysiologie du comportement. 454 $1001SA0010532$12001$aPsychophysiologie du comportement$fJacques Paillard, Vincent Bloch et Henri Piéron.$926979 461 0$1001000563166$12001$aTrattato di psicologia sperimentale$v3 606 $aComportamento$2F 620 $dTORINO 676 $a153.85 700 1$aPAILLARD,$bJacques$0204735 701 1$aBLOCH,$bVincent$0204736 701 1$aPIÉRON,$bHenri$0396893 702 1$aZONTA,$bLiliana 801 0$aIT$bSA$c20111219 912 $a990005647350203316 950 0$aDipar.to di Filosofia - Salerno$dDFFDC TRAPS 3$e5628 FIL 951 $aXV.18.A. 1240 3 (FDC TRAPS 3)$b5628 FIL$cXV.18.A$d481668 959 $aBK 969 $aFDECI 979 $c20121027$lUSA01$h1525 979 $c20121027$lUSA01$h1614 996 $aPsychophysiologie du comportement$926979 997 $aUNISA LEADER 02981nam 22004575 450 001 9910554218103321 005 20231110214124.0 010 $a3-0356-2241-8 024 7 $a10.1515/9783035622416 035 $a(CKB)4100000011631686 035 $a(DE-B1597)551131 035 $a(DE-B1597)9783035622416 035 $a(OCoLC)1226679542 035 $a(MiAaPQ)EBC6945025 035 $a(Au-PeEL)EBL6945025 035 $a(EXLCZ)994100000011631686 100 $a20201212h20202021 fg 101 0 $ager 135 $aur||||||||||| 181 $ctxt$2rdacontent 182 $cc$2rdamedia 183 $acr$2rdacarrier 200 10$aRechte Räume $ePolitische Essays und Gespräche /$fStephan Trüby 210 1$aBasel : $cBirkhäuser, $d[2020] 210 4$d©2021 215 $a1 online resource (288 p.) 225 0 $aBauwelt Fundamente ;$v169 311 $a3-0356-2240-X 327 $tFrontmatter -- $tInhalt -- $t1 Rechte Räume. Eine Einführung -- $t2 (Theorie-)Theoretische Vorbemerkungen -- $t3 Architektur oder (Konservative) Revolution? -- $t4 Alter Wein von neuen Flaschen oder Eine ?Neue? Rechte gibt es nicht -- $t5 Architektonische Metapolitik. Von letzten und nicht ganz so letzten Deutschen und ihren Räumen -- $t6 Die Einstecktuchisierung verrohter Bürgerlichkeit. Über die Neue Frankfurter Altstadt als politische Initiative von Rechtsradikalen -- $t7 In Verlautbarungsgewittern. Kritik des Deutschen Instituts für Stadtbaukunst -- $t8 Architekturen des durchdrehenden Neoliberalismus -- $t9 Aufklärung der Dialektik. Über rechte Räume in den USA -- $t10 ?Very fine people on both sides?? Moderne, Architektur und Architekturhistoriografie (im Bauhaus- Jubiläumsjahr) -- $t11 Anhang -- $tÜber den Autor -- $tBildnachweis -- $tPersonen- und Ortsregister 330 $aGibt es eine architektonische und städtebauliche Agenda hinter der Politik zeitgenössischer rechtspopulistischer, rechtsradikaler, rechtsextremistischer und (neo-)faschistischer Kräfte? Und wenn ja: Inwieweit macht sich hierfür die sogenannte "Mitte der Gesellschaft" zur unfreiwilligen Helferin? Diese Leitfragen ziehen sich durch die in diesem Band versammelten, teils vieldiskutierten Essays und Gespräche von Stephan Trüby. Ihr Hintergrund: Viele westlich-liberal geprägte Demokratien erfahren derzeit einen bis vor wenigen Jahren kaum für möglich gehaltenen gesellschaftlichen Rollback. Dieses Buch zeigt, wie die politische Rechte in Deutschland und darüber hinaus die Architektur, die Stadt und das Land zu formen versucht. 410 0$aBauwelt Fundamente 606 $aARCHITECTURE / Study & Teaching$2bisacsh 615 7$aARCHITECTURE / Study & Teaching. 686 $aZH 3100$qSEPA$2rvk 700 $aTrüby$b Stephan, $4aut$4http://id.loc.gov/vocabulary/relators/aut$01114072 801 0$bDE-B1597 801 1$bDE-B1597 906 $aBOOK 912 $a9910554218103321 996 $aRechte Räume$92818743 997 $aUNINA LEADER 05514nam 22007455 450 001 9910300203203321 005 20251117080031.0 010 $a1-4939-1145-7 024 7 $a10.1007/978-1-4939-1145-5 035 $a(CKB)3710000000277377 035 $a(EBL)1964987 035 $a(OCoLC)908083012 035 $a(SSID)ssj0001386378 035 $a(PQKBManifestationID)11766752 035 $a(PQKBTitleCode)TC0001386378 035 $a(PQKBWorkID)11368925 035 $a(PQKB)10536019 035 $a(DE-He213)978-1-4939-1145-5 035 $a(MiAaPQ)EBC1964987 035 $a(PPN)183086813 035 $a(EXLCZ)993710000000277377 100 $a20141107d2015 u| 0 101 0 $aeng 135 $aur|n|---||||| 181 $ctxt 182 $cc 183 $acr 200 10$aBreast Disease $eComprehensive Management /$fedited by Adam I. Riker 205 $a1st ed. 2015. 210 1$aNew York, NY :$cSpringer New York :$cImprint: Springer,$d2015. 215 $a1 online resource (580 p.) 300 $aDescription based upon print version of record. 311 08$a1-4939-1144-9 320 $aIncludes bibliographical references at the end of each chapters and index. 327 $aAnatomy of the breast, axilla and chest wall -- Breast imaging -- Imaging and biopsy techniques performed in the office -- Localization techniques -- The initial consultation: benign disease -- Evaluation and treatment of benign breast disorders -- Management of breast pain -- Current management of the ?high-risk? patient -- Current management of nipple discharge -- Pathology of benign disease -- Management of the breast abscess and other infectious / inflammatory processes -- Surgery for benign disease -- The initial consultation: malignant disease -- Epidemiology of breast cancer -- Pathology of breast cancer -- The emerging role of prophylactic mastectomy -- Genetic breast cancer and counseling -- Lymphatic mapping and sentinel lymph node biopsy -- Current management of Ductal Carcinoma In Situ (DCIS) -- Current management of Lobular Carcinoma In Situ (LCIS) -- Breast conserving therapy for invasive breast cancer -- Mastectomy for invasive breast cancer -- Emerging role of surgery for metastatic breast cancer -- Breast reconstruction following mastectomy -- Molecular medicine in treating breast cancer -- Chemotherapy -- Hormonal therapy -- Radiation therapy -- Triple-negative breast cancer -- Treatment of metastatic breast cancer -- Breast cancer survivorship -- The multidisciplinary breast cancer team -- The critical role of the patient navigator and nurse specialists -- The central role of the breast pathologist -- Special topics in the surgical management of locally advanced breast cancer -- The role of the surgeon with partial breast irradiation -- The emerging role of IORT Post-mastectomy complications. 330 $a     Breast Disease: Comprehensive Management provides a clear, concise source of information in order to make real-life, evidence-based decisions for all aspects of breast disease, both benign and malignant. The volume provides the latest breakthroughs in breast cancer research, ranging from paradigm shifts in the surgical management of the axilla, the changing role of adjuvant and neoadjuvant chemotherapy, the impact of molecular medicine in decision-making and the controversial role of prophylactic mastectomy in our era. Within select chapters, ?How I do it? clinical scenarios are supplied and described in very practical terms. Also included at the end of each chapter are synoptic questions with detailed answers, akin to the self-assessment (SESAP) format questions and answers. These questions provide a basis for continuous medical education (CME) for the practicing physician and surgeon, further in surgical oncology and breast surgery, medical oncologists, radiation oncologists, and breast radiologists enhancing a focused approach to the management of breast disease in preparation for the American Board of Surgery certification and re-certification for the general surgeon.       Breast Disease: Comprehensive Management is of great value to general surgeons, breast surgeons, surgical oncologists, general surgery residents, and fellows.     . 606 $aSurgery 606 $aCancer$xSurgery 606 $aInterventional radiology 606 $aOncology 606 $aBreast Diseases$xtherapy 606 $aBreast Diseases$xdiagnosis 606 $aGeneral Surgery$3https://scigraph.springernature.com/ontologies/product-market-codes/H59044 606 $aSurgical Oncology$3https://scigraph.springernature.com/ontologies/product-market-codes/H59150 606 $aInterventional Radiology$3https://scigraph.springernature.com/ontologies/product-market-codes/H29021 606 $aOncology$3https://scigraph.springernature.com/ontologies/product-market-codes/H33160 615 0$aSurgery. 615 0$aCancer$xSurgery. 615 0$aInterventional radiology. 615 0$aOncology. 615 12$aBreast Diseases$xtherapy. 615 22$aBreast Diseases$xdiagnosis. 615 14$aGeneral Surgery. 615 24$aSurgical Oncology. 615 24$aInterventional Radiology. 615 24$aOncology. 676 $a610 676 $a616.0757 676 $a616994 676 $a617 702 $aRiker$b Adam I.$4edt$4http://id.loc.gov/vocabulary/relators/edt 906 $aBOOK 912 $a9910300203203321 996 $aBreast Disease$91736019 997 $aUNINA